Parentesco y producción: la organización social de la agricultura de exportación en la provincia de Limón, Costa Rica: 1920-1960 /
Describe los patrones migratorios que moldearon el perfil demográfico de la vertiente caribe de Costa Rica en la primera mitad del siglo XX, para luego analizar los papeles de género y las formas de parentesco que imperaban entre los pobladores de la zona, en relación con la organización de la labor...
Bewaard in:
| Hoofdauteur: | |
|---|---|
| Formaat: | Texto |
| Onderwerpen: | |
| Tags: |
Voeg label toe
Geen labels, Wees de eerste die dit record labelt!
|
MARC
| LEADER | 00000 a a2200000 04500 | ||
|---|---|---|---|
| 001 | 15642 | ||
| 003 | |||
| 040 | |||
| 100 | |a Putnam W., Lara Elizabeth | ||
| 245 | |a Parentesco y producción: |b la organización social de la agricultura de exportación en la provincia de Limón, Costa Rica: 1920-1960 / |c Lara Elizabeth Putnam W. | ||
| 520 | |a Describe los patrones migratorios que moldearon el perfil demográfico de la vertiente caribe de Costa Rica en la primera mitad del siglo XX, para luego analizar los papeles de género y las formas de parentesco que imperaban entre los pobladores de la zona, en relación con la organización de la labor productiva y reproductiva en la misma | ||
| 650 | |a PARENTESCO | ||
| 650 | |a PRODUCCION | ||
| 650 | |a EXPORTACIONES | ||
| 650 | |a AGRICULTURA | ||
| 650 | |a INMIGRACION | ||
| 650 | |a CACAO | ||
| 650 | |a ASPECTOS SOCIALES | ||
| 650 | |a ASPECTOS DEMOGRAFICOS | ||
| 773 | |g número 44; páginas 121-158 | ||
| 999 | |c 27330 |d 27330 | ||
